000
002200000a22000970004500
100
1
_a
Claydon, Robyn
245
1
0
_a
Women key people
300
_a
Núm 71 (1995), Páginas 11
773
0
_t
World Evangelization
942
_c
ANA
999
_c
57562
_d
57562